The Analysis and Design of Linear Circuits

Gespeichert in:
Bibliographische Detailangaben
Hauptverfasser: Thomas, Roland E. (Verfasst von), Rosa, Albert J. (Verfasst von)
Format: Buch
Sprache:Englisch
Veröffentlicht: Upper Saddle River : Prentice Hall, 1998
Ausgabe:Second Edition
Schlagworte:
Tags: Tag hinzufügen
Keine Tags, Fügen Sie das erste Tag hinzu!

MARC

LEADER 00000nam a22000003a 4500
001 stu50558
005 20250821132427.4
008 990906s1998------------------------eng-d
020 |a 0-13-649286-X 
040 |a STU  |b slo 
041 0 |a eng 
080 |a 621.372.011.7 
100 1 |a Thomas, Roland E.  |4 aut 
245 1 |a The Analysis and Design of Linear Circuits 
250 |a Second Edition 
260 |a Upper Saddle River :  |b Prentice Hall,  |c 1998 
300 |a 966 s., príl. 
650 7 |a lineárne obvody  |2 stusub 
650 7 |a analýza lineárnych obvodov  |2 stusub 
650 7 |a navrhovanie obvodov  |2 stusub 
700 1 |a Rosa, Albert J.  |4 aut 
996 |b 284EK91103  |c E* 91103  |l EE01  |s A  |a 24  |w stu50558_0003